[Event "IND-chT 33rd"]
[Site "Hyderabad"]
[Date "2013.02.25"]
[Round "8.5"]
[White "Rajashekar, B."]
[Black "Kumaran, Bajali"]
[Result "0-1"]
[WhiteElo "1817"]
[BlackElo "2239"]
[PlyCount "96"]
[EventDate "2013.02.20"]
[EventType "team-swiss"]
[EventRounds "9"]
[EventCountry "IND"]
[SourceTitle "CBM 153 Extra"]
[Source "ChessBase"]
[SourceDate "2013.04.22"]
[SourceVersion "1"]
[SourceVersionDate "2013.04.22"]
[SourceQuality "1"]
[WhiteTeam "Maestro CA"]
[BlackTeam "Tamil Nadu"]
[WhiteTeamCountry "IND"]
[BlackTeamCountry "IND"]

1. e4 c5 2. Nf3 Nc6 3. d4 cxd4 4. Nxd4 e5 5. Nb5 Nf6 6. N1c3 d6 7. Nd5 Nxd5 8. exd5 Ne7 9. c3 Nf5 10. Bd3 Be7 11. Qa4 0-0 12. Qe4 g6 13. Bd2 a6 14. Na3 Ng7 15. Qe2 f5 16. 0-0-0 b5 17. Kb1 Bb7 18. c4 e4 19. Bc2 Bf6 20. Bb3 bxc4 21. Nxc4 a5 22. Na3 Qe7 23. Rc1 Rfb8 24. Bc3 Bg5 25. Rc2 Bc8 26. g3 f4 27. gxf4 Bxf4 28. Bd4 Nf5 29. Be3 Be5 30. Qc4 Ba6 31. Qxe4 Rb4 32. Bc4 Bxb2 33. Qxe7 Bxa3+ 34. Ka1 Nxe7 35. Bxa6 Rxa6 36. Rd1 Ra8 37. Rc7 Bb2+ 38. Kb1 Bd4+ 39. Kc2 Nxd5 40. Rc6 Bxe3 41. Rxd5 Bc5 42. Rc7 Rab8 43. Kd3 Rb2 44. Kc3 Rxa2 45. Rd1 Rxf2 46. Kd3 a4 47. Re1 Rf7 48. Rc6 Ra7 0-1